000
00244 a2200097 4500
001
43818
100
_a
Berger
245
_a
Bureaucracy and society in modern Egypt
260
_a
New Jersey
_b
Princeton university press
_c
090
_c
27577
_d
27577
942
_a
NUST-CAE
_c
M
_c
19532
999
_c
278891
_d
278891